| Tag |
First Indicator |
Second Indicator |
Subfields |
| LEADER |
00000cam a2200000 i 4500 |
| 001 |
in00004012003 |
| 005 |
20211120182727.0 |
| 006 |
m o d f |
| 007 |
cr bn||||a|||| |
| 008 |
101115s1999 dcua o f000 0 eng c |
| 019 |
|
|
|a 150693906
|a 651950161
|a 652384973
|a 657298095
|a 1012027168
|a 1022014051
|
| 035 |
|
|
|a (OCoLC)ocn681739406
|
| 040 |
|
|
|a OCLCE
|b eng
|e rda
|e pn
|c OCLCE
|d OCLCQ
|d NJRLL
|d OCLCQ
|d OCLCF
|d OCLCQ
|d OCLCO
|d OCLCQ
|d CWCLL
|d NJR
|d OCLCQ
|d GPO
|d MvI
|d UtOrBLW
|
| 042 |
|
|
|a dlr
|a pcc
|
| 043 |
|
|
|a n-us---
|
| 049 |
|
|
|a WWW
|
| 074 |
|
|
|a 1023-C (online)
|
| 086 |
0 |
|
|a Y 4.R 31/3:106-7
|
| 088 |
|
|
|a Serial no. 106-7 (United States. Congress. House. Committee on Resources)
|
| 110 |
1 |
|
|a United States.
|b Congress.
|b House.
|b Committee on Resources.
|b Subcommittee on Forests and Forest Health,
|e author.
|0 http://id.loc.gov/authorities/names/no97040413
|
| 245 |
1 |
0 |
|a Forest Service budget for fiscal year 2000 :
|b oversight hearing before the Subcommittee on Forest and Forest Health of the Committee on Resources, House of Representatives; One Hundred Sixth Congress, first session; February 23, 1999; Washington, DC.
|
| 264 |
|
1 |
|a Washington :
|b U.S. Government Printing Office,
|c 1999.
|
| 300 |
|
|
|a 1 online resource (iii, 35 pages) :
|b illustrations
|
| 336 |
|
|
|a text
|b txt
|2 rdacontent
|
| 337 |
|
|
|a computer
|b c
|2 rdamedia
|
| 338 |
|
|
|a online resource
|b cr
|2 rdacarrier
|
| 588 |
|
|
|a Description based on online resource; title from PDF title screen (govinfo, viewed on Feb. 20, 2018).
|
| 500 |
|
|
|a "Serial number 106-7."
|
| 610 |
1 |
0 |
|a United States.
|b Forest Service
|x Appropriations and expenditures.
|
| 610 |
1 |
0 |
|a United States.
|b Forest Service
|x Management.
|
| 655 |
|
7 |
|a Legislative hearings.
|2 lcgft
|0 http://id.loc.gov/authorities/genreForms/gf2011026362
|
| 776 |
0 |
8 |
|i Print version:
|a United States. Congress. House. Committee on Resources. Subcommittee on Forests and Forest Health.
|t Forest Service budget for fiscal year 2000
|w (DLC) 99219013
|w (OCoLC)41314629
|
| 776 |
0 |
8 |
|i Microfiche version:
|a United States. Congress. House. Committee on Resources. Subcommittee on Forests and Forest Health.
|t Forest Service budget for fiscal year 2000
|w (OCoLC)42910079
|
| 856 |
4 |
0 |
|u https://purl.fdlp.gov/GPO/gpo89283
|t 0
|
| 999 |
f |
f |
|s d028eaca-8236-35ab-9d4d-89b1ee377565
|i c7a327e0-12c9-3c04-8d54-29376478fece
|t 0
|
| 952 |
f |
f |
|a Texas A&M University
|b College Station
|c Electronic Resources
|d Available Online
|t 0
|e Y 4.R 31/3:106-7
|h Superintendent of Documents classification
|
| 998 |
f |
f |
|a Y 4.R 31/3:106-7
|t 0
|l Available Online
|